Centroamérica y los procesos de globalización /
Furkejuvvon:
| Váldodahkki: | |
|---|---|
| Eará dahkkit: | , |
| Materiálatiipa: | Dovdameahttun |
| Almmustuhtton: |
San José:
FLACSO; UNA. Facultad de Ciencias Sociales
|
| Fáttát: | |
| Fáddágilkorat: |
Lasit fáddágilkoriid
Eai fáddágilkorat, Lasit vuosttaš fáddágilkora!
|
MARC
| LEADER | 00000 a2200000 04500 | ||
|---|---|---|---|
| 001 | 10770 | ||
| 003 | cru IIS | ||
| 005 | 20230321083310.0 | ||
| 008 | 991231s d | ||
| 040 | |c CRAI IIS | ||
| 090 | |a 137205 | ||
| 100 | 1 | |a Gamboa Quesada, Jaime |9 11046 | |
| 245 | |a Centroamérica y los procesos de globalización / |c Jaime Gamboa Quesada | ||
| 260 | |a San José: |b FLACSO; UNA. Facultad de Ciencias Sociales | ||
| 300 | |a 155-164 p | ||
| 650 | |a ANALISIS HISTORICO | ||
| 650 | |a CULTURA | ||
| 650 | |a INTEGRACION REGIONAL | ||
| 650 | |a POLITICA | ||
| 650 | |a ANALISIS TRANSCULTURAL | ||
| 650 | |a ORGANIZACIONES INTERGUBERNAMENTALES | ||
| 700 | |a comp | ||
| 700 | |a Delgado Rojas, Jaime Gerardo | ||
| 700 | |a comp | ||
| 773 | 0 | |0 118 |9 6661 |a Sánchez Oviedo, Olga Marta |d San José: FLACSO; UNA. Facultad de Ciencias Sociales 1993. |o 21952 |t UNA Contribución al debate: |w (cru IIS)10781 |z 9977-68-044-2 | |
| 942 | |2 ddc |c LI | ||
| 999 | |c 44824 |d 44824 | ||
| 773 | 0 | |0 118 |9 6661 |a Sánchez Oviedo, Olga Marta |d San José: FLACSO; UNA. Facultad de Ciencias Sociales 1993. |o 21952 |t UNA Contribución al debate: |w (cru IIS)10781 |z 9977-68-044-2 | |



